000 01246nam2a22002651 4500
001 rc\3399274
005 20250609230901.0
021 _aRU
_b72-53748
021 _aRU
_bРг689-73
035 _a(NLR Aleph) 007545555
090 _a9789770
_c9789770
100 _a20130115d1971 |||y0rusy50 ca
101 0 _arus
102 _aRU
105 _aa z |||||
200 1 _aПринципы построения систем передачи данных
210 _d1971
_aБ. м.
215 _a48 с.
_cил.
320 _aБиблиогр.: с. 47
461 0 _1001rc\3399273
_12001#$aСистемы передачи данных$eКонспект лекций$eВып. 1-$fЛенингр. воен. инж. акад. им. А.Ф. Можайского$vВып. 1
_1700#1$aРостовцев$bЮ. Г.$f1928-$gЮрий Григорьевич$3RU\NLR\AUTH\770139492
_99789766
_aРостовцев, Ю. Г. (1928-)
_cЛенинград
_d1971-
_fЛенингр. воен. инж. акад. им. А.Ф. Можайского
_nБ. и.
_oКонспект лекций : Вып. 1-
_tСистемы передачи данных
_vВып. 1
801 0 _aRU
_bNLR
_gpsbo
801 1 _aRU
_bELAR
_2rusmarc
852 _aNLR
_j72-4/23037
942 _cBOOK
980 _aNB